LEADER 01188nam a2200301 a 4500 001 000000121353 003 CaOOAMICUS 005 20100422155111.0 008 100422t2010 it u000 u ita r 020 $a978-88-348-9769-0 040 $aPUL$bita$dReb 082 04$a262.94 100 1 $aCardia, Carlo.$0(OLS)http://pul/name/7644 245 13$aLa Chiesa tra storia e diritto /$cCarlo Cardia. 260 $aTorino :$bG. Giappichelli,$c©2010. 300 $avii, 428 p. ;$c24 cm. 504 $aBibliografia in nota. 650 4$aDiritto canonico.$0(OLS)http://pul/subject/1294 650 4$aDiritto ecclesiastico.$0(OLS)http://pul/subject/6 850 $aPUL 852 $aPUL$W1$xSL Diritto Canonico 3$y77$m262. 94 CARCA 1$j139173$qDDC 21$B138394$CPULBib$Z2$F138394 $H113347 $82 941 1 $a9 960 $aDiritto e religione$96 960 $aDiritto e religione$96 996 $6020$a978-88-348-9769-0$9(OLS)http://pul/number/143968 996 $6082$a262.94$9(OLS)http://pul/classification/422 996 $6245$aLa Chiesa tra storia e diritto$9(OLS)http://pul/title/152677 996 $6260$aTorino :$bG. Giappichelli$9(OLS)http://pul/publisher/49130 LEADER 01349namaa2200277 i 4500 001 000000177296 003 CaOOAMICUS 005 20240924120811.0 008 240924s2024 it frm z000 u eng r 032 $aLibriCat 040 $aPUL$bita 100 1 $aDias, Lancy,$cs.j.,$d1983-$0(OLS)http://pul/name/114020 245 10$aAttachment to God and psycho-spiritual wellbeing :$bshame and guilt as mediators among Indian Catholic adults /$cLancy Dias, SJ. 260 $aRoma :$b[s.n.],$c2024. 300 $aiv, 129 pagine ;$b$c24 cm 502 $aEstratto da Tesi di dottorato-- Pontificia Universitą Gregoriana--Istituto di psicologia, 202, n.7164. 504 $aBibliografia: pagine 123-149. 650 4$aPsicologia religiosa.$0(OLS)http://pul/subject/7729 710 2 $aPontificia Universitą Gregoriana.$bIstituto di psicologia.$kTesi.$0(OLS)http://pul/name/82056 850 $aPUL 852 $aPUL$W1$xDP1 Tesi Pon. Univ. Gregoriana$y40$m2024 E 2$j201172$qTesi$B206250$CPULBib$Z2$F206250 $Hnull $82 941 1 $a16 960 $aPsicologia della religione$97729 996 $6245$aAttachment to God and psycho-spiritual wellbeing :$bshame and guilt as mediators among Indian Catholic adults$9(OLS)http://pul/title/218801 996 $6260$aRoma :$b[s.n.]$9(OLS)http://pul/publisher/47958